000 00924cam a2200205 4500
001 ##L134893
008 060908n2006 000 0 eng u
020 _a082136488X
035 _a(Sirsi) u134893
041 0 _aeng
110 2 _aWorld Bank
_93112
245 0 0 _aDoing business 2007
_bhow to reform
260 _aWashington D.C.
_bWorld Bank
_c2006
520 _aThe fourth in a series of annual reports which examines regulations and the ways in which they affect business. This report looks at regulations relating to 10 areas of business and compares them across 175 economies over time. Regulations discussed include those affecting the registration of property and the enforcement of contracts.
590 _aIKA190906
651 4 _aInternational
690 _aMANAGEMENT-BUSINESS MANAGEMENT
856 4 0 _uhttps://www.doingbusiness.org/
_zView the item free of charge at www.doingbusiness.org...
942 _n0
999 _c105837
_d105837